| 000 | 00591nam a22002057a 4500 | ||
|---|---|---|---|
| 001 | 7960 | ||
| 003 | FISKH | ||
| 005 | 20250815103359.0 | ||
| 008 | 250815b cb ||||| |||| 00| 0 eng d | ||
| 020 | _a9781604724554 | ||
| 040 |
_aFISKH _beng _cFISKH _dFISKH |
||
| 050 | _aQL458.4 | ||
| 082 | _a595.4 | ||
| 245 |
_aWhat has Eight Legs and? _cRobertson, J. Jean |
||
| 300 |
_a14 pages : _bcolor illustrations ; _c16 cm |
||
| 505 | _aNP | ||
| 520 | _aSpiders! This clever book teaches young children all about spiders with text and close-up photos. | ||
| 942 |
_2ddc _cBK _n0 |
||
| 999 |
_c7960 _d7960 |
||